000 00633nam a2200241Ia 4500
003 OSt
005 20220918200343.0
006 a|||||r|||| 00| 0
007 ta
008 220917b |||||||| |||| 00| 0 eng d
024 _a88,447
037 _cTextual
040 _aARTS
_cARTS
_beng
041 _2eng
_aeng
082 _aT4h73:L58, H7
100 _aCoon Horace
_993742
245 0 _aColumbia
_b colossus on teh hudson
260 _c1947
490 _aAmerican college and university series; 1
650 _aHIGHER EDUCATION
942 _hT4h73:L58, H7
_cTEXL
_2CC
999 _c212135
_d212135